[Event "AUS-ch U18 Girls"]
[Site "Canberra"]
[Date "2001.01.17"]
[Round "7.57"]
[White "Dinh, Tram"]
[Black "Sellayah, Renishka"]
[Result "1-0"]
[WhiteElo "926"]
[BlackElo "1109"]
[PlyCount "75"]
[EventDate "2001.01.??"]
[EventType "tourn"]
[EventRounds "12"]
[EventCountry "AUS"]
[SourceTitle "CBM 080 Extra"]
[Source "ChessBase"]
[SourceDate "2001.03.08"]
[SourceVersion "1"]
[SourceVersionDate "2001.03.08"]
[SourceQuality "1"]

1. e4 e5 2. Nf3 Nc6 3. Nc3 Nf6 4. Bb5 Bd6 5. d4 Nxd4 6. Nxd4 exd4 7. Qxd4 Qe7 8. 0-0 Be5 9. Qd3 Qd6 10. Qxd6 Bxd6 11. e5 c6 12. Bd3 Bxe5 13. Re1 d6 14. f4 Nd7 15. Bf5 0-0 16. fxe5 Nxe5 17. Bxc8 Raxc8 18. Be3 a6 19. Rad1 d5 20. Bf4 Ng6 21. Bd6 Rfe8 22. Rxe8+ Rxe8 23. a4 f6 24. b4 b5 25. a5 Re6 26. Bc5 Kf7 27. Rd2 Ke8 28. Ne2 Kd7 29. Nd4 Re8 30. Nf5 Rg8 31. Re2 Kd8 32. Re6 Kd7 33. Rd6+ Kc7 34. Bb6+ Kb7 35. Rd7+ Kc8 36. Ra7 Kb8 37. Rxa6 Ne5 38. Nd6 1-0